Kuponová privatizace: jak ocenit portfolio?

Situácia v ČR po prvej vlne kupónovej privatizácie. Hodnotenie akciových portfolií pred začiatkom fungovania kapitálového trhu. Vývoj cien akcií a portfolio vyhodnocovaných podnikov. Charakteristika najlepšej úspešnosti. Koeficient stredného vylepšenia a neúspechu.

Salvato in:
Dettagli Bibliografici
Autore principale: Budinský, P.
Altri autori: Vavřínek, P.
Natura: Capitolo di libro
Lingua:ceco
Soggetti:
Tags: Aggiungi Tag
Nessun Tag, puoi essere il primo ad aggiungerne!!

MARC

LEADER 00000naa a2200000 4500
001 r012825
005 20221205075644.0
041 0 |a cze 
044 |a CZ 
245 1 0 |a Kuponová privatizace: jak ocenit portfolio?  |c P. Budinský, P. Vavřínek 
520 |a Situácia v ČR po prvej vlne kupónovej privatizácie. Hodnotenie akciových portfolií pred začiatkom fungovania kapitálového trhu. Vývoj cien akcií a portfolio vyhodnocovaných podnikov. Charakteristika najlepšej úspešnosti. Koeficient stredného vylepšenia a neúspechu. 
610 2 0 |a privatizácia 
610 2 0 |a portfólio 
610 2 0 |a Čechy 
610 2 0 |a trh kapitálový 
610 2 0 |a akcie 
100 1 |a Budinský, P. 
700 1 |a Vavřínek, P.